[Event "EOBCC 2020"]
[Site "Online"]
[Date "2020.12.18"]
[Round "2.75"]
[White "Borsuk, Konstantin"]
[Black "Meier, Georg"]
[Result "1/2-1/2"]
[WhiteElo "2401"]
[BlackElo "2628"]
[PlyCount "64"]
[EventDate "2020.12.18"]
[EventType "tourn"]
[EventCountry "NET"]

1. d4 e6 2. c4 b6 3. Nc3 Bb4 4. Qc2 Bb7 5. a3 Bxc3+ 6. Qxc3 Nf6 7. f3 d5 8. cxd5 exd5 9. Qe3+ Qe7 10. Qxe7+ Kxe7 11. Bf4 c5 12. e3 cxd4 13. exd4 Nc6 14. Rd1 Na5 15. Bd3 Nc4 16. Bxc4 dxc4 17. Ne2 Nd5 18. Bd2 Kd7 19. Nc3 Rhe8+ 20. Kf2 Re6 21. Nxd5 Bxd5 22. Rhe1 f6 23. Rxe6 Bxe6 24. g4 Rh8 25. Re1 g5 26. h4 gxh4 27. Rh1 h5 28. Rxh4 Bf7 29. gxh5 Rxh5 30. Rxh5 Bxh5 31. Bh6 Ke6 32. Ke3 b5 1/2-1/2

[Event "EOBCC 2020"]
[Site "Online"]
[Date "2020.12.18"]
[Round "2.76"]
[White "Erdogdu, Mert"]
[Black "Svane, Rasmus"]
[Result "0-1"]
[WhiteElo "2396"]
[BlackElo "2613"]
[PlyCount "116"]
[EventDate "2020.12.18"]
[EventType "tourn"]
[EventCountry "NET"]

1. e4 c6 2. d4 d5 3. exd5 cxd5 4. c4 Nf6 5. Nc3 Nc6 6. Bg5 dxc4 7. Bxc4 h6 8. Be3 e6 9. Nf3 Bd6 10. Qd2 Ne7 11. O-O O-O 12. Rad1 a6 13. Rfe1 b5 14. Bb3 Bb7 15. Ne5 Bb4 16. Bc2 Be4 17. Bb3 Bh7 18. Bf4 Nfd5 19. Bg3 Rc8 20. Rc1 Nf5 21. Bxd5 Qxd5 22. a3 Bxc3 23. bxc3 Rfd8 24. Red1 a5 25. a4 bxa4 26. f3 a3 27. Bf2 Nd6 28. Ra1 f6 29. Ng4 Qb3 30. Bg3 Qxc3 31. Qxc3 Rxc3 32. Be1 Rb3 33. Bxa5 Nc4 34. Bxd8 Rb2 35. Bc7 a2 36. Rdc1 Rb1 37. Nf2 Rxc1+ 38. Rxc1 Bb1 39. Rxc4 a1=Q 40. Rc1 Qb2 41. Rd1 Bc2 42. Rf1 Qxd4 43. Bg3 e5 44. h3 h5 45. h4 Kf7 46. Re1 Qc3 47. Re2 Bb3 48. Kh2 Bc4 49. Re4 Be6 50. Re2 Qc1 51. Ne4 Bd5 52. Nd6+ Ke6 53. Ne4 Bxe4 54. Rxe4 Kf7 55. Re1 Qd2 56. Re4 Qd5 57. Re1 Qe6 58. Rxe5 fxe5 0-1

[Event "EOBCC 2020"]
[Site "Online"]
[Date "2020.12.18"]
[Round "2.77"]
[White "Heimann, Andreas"]
[Black "Bykhovsky, Avigdor"]
[Result "1-0"]
[WhiteElo "2606"]
[BlackElo "2400"]
[PlyCount "85"]
[EventDate "2020.12.18"]
[EventType "tourn"]
[EventCountry "NET"]

1. d4 d5 2. c4 c6 3. Nf3 Nf6 4. Qb3 g6 5. cxd5 cxd5 6. Nc3 Nc6 7. Bg5 Bg7 8. e3 O-O 9. Bxf6 Bxf6 10. Qxd5 e5 11. Qxd8 Rxd8 12. d5 Nb4 13. O-O-O e4 14. Nxe4 Nxa2+ 15. Kb1 Bf5 16. Bd3 Bxe4 17. Bxe4 Nb4 18. d6 Rd7 19. Rd2 Rad8 20. Rhd1 Na6 21. Bd3 Rxd6 22. Bxa6 Rxd2 23. Rxd2 Rxd2 24. Nxd2 bxa6 25. Ne4 Be7 26. Kc2 f5 27. Nc3 Kf7 28. Nd5 Bd6 29. f4 Ke6 30. Nc3 h6 31. Kd3 g5 32. g3 Be7 33. Ne2 h5 34. Nd4+ Kf6 35. Kc4 h4 36. gxh4 gxh4 37. h3 Bd8 38. b3 Bb6 39. Kd3 Bc5 40. Nf3 Be7 41. Nxh4 Ke6 42. Nf3 Bf6 43. Nd4+ 1-0

[Event "EOBCC 2020"]
[Site "Online"]
[Date "2020.12.18"]
[Round "2.78"]
[White "Sychev, Klementy"]
[Black "Dordzhieva, Dinara"]
[Result "1-0"]
[WhiteElo "2572"]
[BlackElo "2352"]
[PlyCount "53"]
[EventDate "2020.12.18"]
[EventType "tourn"]
[EventCountry "NET"]

1. e4 c5 2. Nf3 d6 3. d4 cxd4 4. Nxd4 Nf6 5. Nc3 a6 6. Bg5 Nbd7 7. Bc4 Qb6 8. Bb3 e6 9. Qd2 Be7 10. O-O-O Nc5 11. Qe2 Nxb3+ 12. Nxb3 Bd7 13. f4 Bb5 14. Qe1 Rc8 15. Kb1 h6 16. Bh4 Qc7 17. e5 dxe5 18. fxe5 Ng4 19. Bxe7 Qxe7 20. h3 Bc6 21. hxg4 Bxg2 22. Rh2 Bf3 23. Rd4 b5 24. Nd2 Bb7 25. Nde4 O-O 26. g5 Bxe4 27. Nxe4 1-0

[Event "EOBCC 2020"]
[Site "Online"]
[Date "2020.12.18"]
[Round "2.80"]
[White "Migot, Tangi"]
[Black "Gumularz, Szymon"]
[Result "1/2-1/2"]
[WhiteElo "2353"]
[BlackElo "2516"]
[PlyCount "112"]
[EventDate "2020.12.18"]
[EventType "tourn"]
[EventCountry "NET"]

1. e4 e5 2. Nc3 Nc6 3. g3 Bc5 4. Bg2 d6 5. Nf3 a6 6. O-O Nge7 7. d3 O-O 8. h3 Ba7 9. Nh4 f5 10. exf5 Nxf5 11. Nxf5 Bxf5 12. Kh2 Qd7 13. Be3 Be6 14. Bxa7 Rxa7 15. Qd2 Raa8 16. f4 exf4 17. Rxf4 Rxf4 18. Qxf4 Rf8 19. Qe3 Re8 20. Re1 Bf7 21. Qf2 Rxe1 22. Qxe1 d5 23. a3 h6 24. Qf2 Ne7 25. Qc5 b6 26. Qf2 d4 27. Ne2 c5 28. Qf4 Qd8 29. Qe5 Nd5 30. Bxd5 Bxd5 31. Nf4 Bf7 32. h4 a5 33. Kh3 a4 34. g4 Qe8 35. Qxe8+ Bxe8 36. g5 hxg5 37. hxg5 Kf7 38. Kg3 Bd7 39. Kf3 Bc6+ 40. Kg4 b5 41. Kf5 Ke7 42. Ke5 Bf3 43. c3 dxc3 44. bxc3 b4 45. cxb4 cxb4 46. Kd4 bxa3 47. Kc3 Kd6 48. Nh5 g6 49. Nf4 Bh5 50. d4 Ke7 51. d5 Bg4 52. Nxg6+ Kd6 53. Nf4 Bf5 54. g6 Bxg6 55. Nxg6 Kxd5 56. Nf4+ Ke4 1/2-1/2

[Event "EOBCC 2020"]
[Site "Online"]
[Date "2020.12.18"]
[Round "2.81"]
[White "Shchekachev, Andrei"]
[Black "Koksal, Ege"]
[Result "1/2-1/2"]
[WhiteElo "2515"]
[BlackElo "2353"]
[PlyCount "149"]
[EventDate "2020.12.18"]
[EventType "tourn"]
[EventCountry "NET"]

1. Nf3 d5 2. d4 Nf6 3. c4 c6 4. Nc3 dxc4 5. e3 Bg4 6. Bxc4 e6 7. O-O Nbd7 8. h3 Bh5 9. Be2 Be7 10. e4 O-O 11. Be3 Rc8 12. Rc1 Qa5 13. a3 Rfd8 14. Nd2 Bxe2 15. Qxe2 Qh5 16. Qxh5 Nxh5 17. d5 exd5 18. exd5 c5 19. Nc4 Nb6 20. Nxb6 axb6 21. Rfd1 Nf6 22. g4 h6 23. a4 Rd7 24. Rd2 Bd6 25. Nb5 Ne4 26. Rdd1 Bf8 27. f3 Nd6 28. Na3 Rcd8 29. Bf4 Nc8 30. Nc4 Rxd5 31. Rxd5 Rxd5 32. Be3 Bd6 33. Kf2 Bc7 34. Ke2 Nd6 35. Nxd6 Bxd6 36. Rd1 Rxd1 37. Kxd1 Kf8 38. Kc2 Ke8 39. Kd3 Kd7 40. Kc4 Kc6 41. h4 Be5 42. b3 Bf6 43. h5 Bb2 44. f4 f6 45. Bd2 Ba1 46. Bc1 Bd4 47. Bd2 Ba1 48. g5 fxg5 49. fxg5 hxg5 50. Bxg5 Be5 51. Bd8 Ba1 52. Kd3 b5 53. axb5+ Kxb5 54. Be7 b6 55. Bf8 Kb4 56. Kc2 Bf6 57. h6 gxh6 58. Bxh6 Kb5 59. Bd2 Kc6 60. Kd3 Kd5 61. Be3 b5 62. Bd2 Bd4 63. Bc1 Be5 64. Bd2 Bc7 65. Be3 Bb6 66. Bd2 Ba7 67. Bc1 Bb8 68. Bd2 Bc7 69. Bc1 Ba5 70. Be3 Bb4 71. Bc1 Ba3 72. Bxa3 c4+ 73. bxc4+ bxc4+ 74. Kc3 Ke6 75. Kxc4 1/2-1/2

[Event "EOBCC 2020"]
[Site "Online"]
[Date "2020.12.18"]
[Round "2.82"]
[White "Khanin, Semen"]
[Black "Garayev, Kanan"]
[Result "1-0"]
[WhiteElo "2511"]
[BlackElo "2331"]
[PlyCount "51"]
[EventDate "2020.12.18"]
[EventType "tourn"]
[EventCountry "NET"]

1. e4 e5 2. Nf3 Nf6 3. Nxe5 d6 4. Nf3 Nxe4 5. Nc3 Nxc3 6. dxc3 Be7 7. Be3 O-O 8. Qd2 Nd7 9. O-O-O c6 10. h4 Nf6 11. Kb1 Bg4 12. Bd3 d5 13. Bd4 c5 14. Bxf6 Bxf6 15. Qf4 Bxf3 16. Qxf3 b5 17. h5 g6 18. hxg6 hxg6 19. Qh3 Re8 20. Bxb5 Re5 21. Qh7+ Kf8 22. f4 Rf5 23. g4 Rxf4 24. Qh6+ Bg7 25. Qxf4 Rb8 26. Rxd5 1-0

[Event "EOBCC 2020"]
[Site "Online"]
[Date "2020.12.18"]
[Round "2.83"]
[White "Livaic, Leon"]
[Black "Sliwicka, Alicja"]
[Result "1-0"]
[WhiteElo "2507"]
[BlackElo "2311"]
[PlyCount "129"]
[EventDate "2020.12.18"]
[EventType "tourn"]
[EventCountry "NET"]

1. d4 Nf6 2. c4 c5 3. d5 b5 4. cxb5 a6 5. bxa6 Bxa6 6. Nc3 d6 7. e4 Bxf1 8. Kxf1 g6 9. Nf3 Bg7 10. g3 Nbd7 11. Kg2 O-O 12. Re1 Ra6 13. e5 dxe5 14. Nxe5 Nxe5 15. Rxe5 Rd6 16. Qf3 Qa8 17. Bf4 Rd7 18. Rae1 Rfd8 19. Rxe7 Nxd5 20. Nxd5 Rxd5 21. b3 h5 22. Bh6 Rf8 23. Bxg7 Kxg7 24. Rc7 Qd8 25. Ree7 Rf5 26. Qc3+ Kg8 27. Qc2 Qd5+ 28. Kg1 Qf3 29. Rxc5 Rd8 30. Re1 Rf6 31. Rc8 Rxc8 32. Qxc8+ Kg7 33. Qc2 h4 34. Qe2 Qf5 35. g4 Qf4 36. h3 Qd4 37. Qe3 Qd5 38. Re2 Kh7 39. Rd2 Qc6 40. Qg5 Kg7 41. Qe3 Qc1+ 42. Kg2 Qc6+ 43. f3 Qc7 44. Qf2 Qf4 45. Rd4 Qe5 46. Re4 Qd6 47. Qxh4 Qd3 48. Qf2 Rc6 49. Qd4+ Qxd4 50. Rxd4 Rc2+ 51. Kg3 Rxa2 52. h4 Rb2 53. b4 Kh6 54. Kf4 Rh2 55. b5 Rxh4 56. Rb4 Kg7 57. b6 Rh8 58. b7 Rb8 59. Ke5 Kh6 60. Kd6 f5 61. gxf5 gxf5 62. Kc7 Rf8 63. b8=Q Rxb8 64. Kxb8 Kg5 65. Kc7 1-0

[Event "EOBCC 2020"]
[Site "Online"]
[Date "2020.12.18"]
[Round "2.84"]
[White "Papp, Petra"]
[Black "Kantans, Toms"]
[Result "1/2-1/2"]
[WhiteElo "2336"]
[BlackElo "2501"]
[PlyCount "110"]
[EventDate "2020.12.18"]
[EventType "tourn"]
[EventCountry "NET"]

1. e4 c5 2. Nf3 Nf6 3. e5 Nd5 4. Nc3 e6 5. g3 Nc6 6. Bg2 d6 7. Nxd5 exd5 8. exd6 Bxd6 9. d4 O-O 10. O-O Bg4 11. dxc5 Bxc5 12. h3 Bh5 13. c3 Re8 14. Bf4 h6 15. g4 Bg6 16. Qd2 Be4 17. Rad1 Qf6 18. Nd4 Bxd4 19. cxd4 Nxd4 20. Qxd4 Qxf4 21. f3 Qg3 22. fxe4 dxe4 23. Qf2 Qxf2+ 24. Rxf2 Re7 25. Re2 g6 26. Re3 f5 27. gxf5 gxf5 28. Rf1 Rf8 29. Kh2 Kg7 30. Kg3 Rc7 31. Rf2 b6 32. Kf4 Kf6 33. Rd2 Rg8 34. b3 Rcg7 35. Ree2 Rg3 36. Rd6+ Ke7 37. Rxh6 Rxg2 38. Rxg2 Rxg2 39. Kxf5 e3 40. Re6+ Kd7 41. Rxe3 Rxa2 42. h4 Rh2 43. Kg5 Kd6 44. h5 a5 45. h6 Kc5 46. Kg6 Rg2+ 47. Kf7 Rf2+ 48. Kg7 Rg2+ 49. Kf6 Rh2 50. Kg6 b5 51. h7 Rg2+ 52. Kf6 Rf2+ 53. Kg6 Rg2+ 54. Kf6 Rf2+ 55. Kg6 Rg2+ 1/2-1/2

[Event "EOBCC 2020"]
[Site "Online"]
[Date "2020.12.18"]
[Round "2.85"]
[White "Yudin, Sergei"]
[Black "Ozenir, Ekin Baris"]
[Result "1/2-1/2"]
[WhiteElo "2497"]
[BlackElo "2309"]
[PlyCount "150"]
[EventDate "2020.12.18"]
[EventType "tourn"]
[EventCountry "NET"]

1. e4 e6 2. Qe2 c5 3. g3 Nc6 4. Bg2 g6 5. f4 Bg7 6. c3 Nge7 7. Nf3 d6 8. O-O O-O 9. Na3 a6 10. Nc2 b5 11. d4 cxd4 12. cxd4 Bb7 13. Be3 Rc8 14. Rfc1 Qd7 15. Nce1 Na5 16. Nd2 Rxc1 17. Rxc1 Rc8 18. Rxc8+ Qxc8 19. Nd3 Nc4 20. Bf2 h6 21. b3 Na3 22. Nf3 Qc3 23. Qd2 Nb1 24. Qd1 Bxe4 25. Nfe1 Bxg2 26. Kxg2 Na3 27. Nf3 Nf5 28. Nde1 Qb2 29. Qd3 Qxa2 30. d5 Qb1 31. dxe6 Qxd3 32. exf7+ Kxf7 33. Nxd3 Nc2 34. g4 Nfd4 35. Nd2 a5 36. Kf1 a4 37. bxa4 bxa4 38. Nc4 d5 39. Nb6 a3 40. Nc1 Nb4 41. Be1 a2 42. Nxa2 Nxa2 43. Nxd5 Ne6 44. Bd2 Nd8 45. Ke2 Nc6 46. Kf3 Bf8 47. Ke4 Nab4 48. Ne3 Na6 49. f5 g5 50. Ng2 Ne7 51. h4 gxh4 52. Nxh4 Nc5+ 53. Kd4 Nb3+ 54. Kd3 Nxd2 55. Kxd2 Kf6 56. Nf3 Nc6 57. Kd3 Ne5+ 58. Nxe5 Kxe5 59. Ke3 Be7 60. Kf3 Bg5 61. Kg3 Ke4 62. f6 Bxf6 63. Kg2 Ke3 64. Kg3 Be5+ 65. Kh4 Bf6+ 66. Kg3 Bg5 67. Kg2 Bf4 68. Kh3 Kf3 69. g5 Bxg5 70. Kh2 h5 71. Kh1 h4 72. Kh2 Bf4+ 73. Kh1 Kg3 74. Kg1 h3 75. Kh1 h2 1/2-1/2

[Event "EOBCC 2020"]
[Site "Online"]
[Date "2020.12.18"]
[Round "2.86"]
[White "Fecker, Noah"]
[Black "Davtyan, Artur"]
[Result "0-1"]
[WhiteElo "2329"]
[BlackElo "2466"]
[PlyCount "66"]
[EventDate "2020.12.18"]
[EventType "tourn"]
[EventCountry "NET"]

1. e4 e5 2. Nf3 Nc6 3. Bb5 a6 4. Bxc6 dxc6 5. Nc3 f6 6. d4 exd4 7. Qxd4 Qxd4 8. Nxd4 Bd6 9. Be3 Ne7 10. O-O-O Bd7 11. f3 O-O-O 12. h4 h5 13. Nb3 Rhe8 14. Nc5 b6 15. Nxd7 Rxd7 16. Rd3 Ng6 17. Ne2 c5 18. b3 c4 19. Rd5 Ba3+ 20. Kd2 Rxd5+ 21. exd5 b5 22. g4 Ne5 23. Nd4 hxg4 24. fxg4 Nxg4 25. Bf4 Nf2 26. Rg1 Ne4+ 27. Kd1 Nc3+ 28. Kd2 Nxd5 29. Bh2 Bc5 30. c3 Bxd4 31. cxd4 c3+ 32. Kd3 Re3+ 33. Kc2 Re2+ 0-1

[Event "EOBCC 2020"]
[Site "Online"]
[Date "2020.12.18"]
[Round "2.87"]
[White "Stefanova, Antoaneta"]
[Black "Chyzy, Jakub"]
[Result "1/2-1/2"]
[WhiteElo "2466"]
[BlackElo "2250"]
[PlyCount "72"]
[EventDate "2020.12.18"]
[EventType "tourn"]
[EventCountry "NET"]

1. d4 d5 2. Nf3 Nf6 3. e3 e6 4. Bd3 Be7 5. O-O O-O 6. b3 b6 7. Bb2 Bb7 8. Nbd2 c5 9. Ne5 Nbd7 10. f4 Ne4 11. Nxe4 dxe4 12. Be2 f6 13. Nxd7 Qxd7 14. c4 f5 15. Qc2 Rad8 16. Rad1 Qc7 17. d5 exd5 18. cxd5 Kh8 19. Bc4 Bf6 20. a4 a6 21. Rd2 Bxb2 22. Qxb2 Rf6 23. Rfd1 Rfd6 24. Qe5 Qd7 25. h3 b5 26. axb5 axb5 27. Be2 Rxd5 28. Rxd5 Bxd5 29. Bxb5 Qxb5 30. Rxd5 Rxd5 31. Qxd5 g6 32. Kh2 Kg7 33. Qe5+ Kg8 34. Qd5+ Kg7 35. Qe5+ Kg8 36. Qd5+ Kg7 1/2-1/2

[Event "EOBCC 2020"]
[Site "Online"]
[Date "2020.12.18"]
[Round "2.88"]
[White "Zovko, Mario"]
[Black "Shahinyan, David"]
[Result "0-1"]
[WhiteElo "2312"]
[BlackElo "2452"]
[PlyCount "57"]
[EventDate "2020.12.18"]
[EventType "tourn"]
[EventCountry "NET"]

1. e4 d6 2. Nc3 Nf6 3. g3 c5 4. Bg2 Nc6 5. d3 g6 6. Be3 Bg7 7. h3 e5 8. Qd2 Nd4 9. Nd1 O-O 10. c3 Ne6 11. c4 Nd4 12. Ne2 Rb8 13. O-O b5 14. Kh2 Be6 15. b3 Nd7 16. Ndc3 bxc4 17. dxc4 f5 18. Rad1 Nf6 19. exf5 gxf5 20. Bh6 Qd7 21. Bxg7 Qxg7 22. f4 Rbe8 23. Nxd4 exd4 24. Ne2 Bd7 25. Nc1 Re3 26. Rf3 Ne4 27. Qxe3 dxe3 28. Rxe3 Bc6 29. Rxd6 0-1

[Event "EOBCC 2020"]
[Site "Online"]
[Date "2020.12.18"]
[Round "2.89"]
[White "Gurbanov, Andrei"]
[Black "Zarubitski, Viachaslau"]
[Result "1-0"]
[WhiteElo "2289"]
[BlackElo "2448"]
[PlyCount "101"]
[EventDate "2020.12.18"]
[EventType "tourn"]
[EventCountry "NET"]

1. d4 d5 2. c4 c6 3. Nf3 Nf6 4. Nc3 dxc4 5. a4 Bf5 6. e3 e6 7. Bxc4 Bb4 8. O-O Nbd7 9. Qe2 Bg6 10. Bd2 O-O 11. Rfc1 a5 12. Nb1 Qe7 13. Bxb4 Qxb4 14. b3 Rfe8 15. Nc3 e5 16. d5 Nc5 17. dxc6 bxc6 18. Na2 Qb6 19. Nh4 Nxb3 20. Rcb1 Bxb1 21. Rxb1 Qc5 22. Rxb3 e4 23. g3 g5 24. Ng2 Rab8 25. h4 h6 26. hxg5 hxg5 27. Qb2 Rxb3 28. Qxb3 Re7 29. Nc3 Kg7 30. Ne2 Qe5 31. Nd4 c5 32. Nc6 Qa1+ 33. Bf1 Rc7 34. Qb6 Rd7 35. Qxc5 Rd1 36. Qxg5+ Kh7 37. Qf5+ Kg7 38. Qb5 Ng4 39. Nf4 Qa2 40. Qg5+ Kf8 41. Qxg4 Qb1 42. Qc8+ Kg7 43. Qg4+ Kf8 44. Qe2 Re1 45. Qa6 Qc2 46. Nd4 Qb2 47. Qd6+ Kg7 48. Nh5+ Kh7 49. Nf5 Rxf1+ 50. Kxf1 Qb1+ 51. Kg2 1-0

[Event "EOBCC 2020"]
[Site "Online"]
[Date "2020.12.18"]
[Round "2.90"]
[White "Grinev, Valeriy"]
[Black "Vyprachticky, David"]
[Result "1-0"]
[WhiteElo "2441"]
[BlackElo "2326"]
[PlyCount "57"]
[EventDate "2020.12.18"]
[EventType "tourn"]
[EventCountry "NET"]

1. d4 Nf6 2. c4 c5 3. Nf3 cxd4 4. Nxd4 e5 5. Nb5 d5 6. cxd5 Bc5 7. e3 O-O 8. N5c3 e4 9. Be2 Qe7 10. O-O Rd8 11. a3 Bf5 12. b4 Bd6 13. Bb2 Nbd7 14. Nb5 Ne5 15. Nxd6 Rxd6 16. Nc3 Rad8 17. Qb3 Nxd5 18. Nxd5 Rxd5 19. Rfd1 Nd3 20. Bd4 Qh4 21. Bxd3 exd3 22. Rac1 Be6 23. Qxd3 Rh5 24. h3 h6 25. e4 Rxd4 26. Qxd4 Bxh3 27. Qd8+ Kh7 28. Qxh4 Rxh4 29. gxh3 1-0

[Event "EOBCC 2020"]
[Site "Online"]
[Date "2020.12.18"]
[Round "2.91"]
[White "Purtseladze, Maka"]
[Black "Yankelevich, Lev"]
[Result "0-1"]
[WhiteElo "2274"]
[BlackElo "2416"]
[PlyCount "76"]
[EventDate "2020.12.18"]
[EventType "tourn"]
[EventCountry "NET"]

1. d4 Nf6 2. c4 g6 3. Nc3 Bg7 4. e4 d6 5. Be2 O-O 6. Bg5 Na6 7. Qd2 e5 8. d5 Qe8 9. f3 Nh5 10. g4 Nf4 11. Bxf4 exf4 12. Nh3 Qe5 13. Nf2 Nc5 14. Nd3 Nxd3+ 15. Bxd3 a6 16. O-O h5 17. gxh5 Qxh5 18. Ne2 g5 19. Rf2 Be5 20. Kh1 f6 21. Bc2 Kf7 22. Nd4 Rh8 23. Ne6 Bxe6 24. dxe6+ Ke7 25. c5 Qe8 26. cxd6+ cxd6 27. Bb3 Rc8 28. Qd5 Qb5 29. Qxb5 axb5 30. a4 Rc5 31. Bd5 b4 32. Bxb7 Kxe6 33. a5 Bd4 34. Re2 g4 35. fxg4 f3 36. Rd2 Be3 37. Rad1 Bxd2 38. a6 Ra5 0-1

[Event "EOBCC 2020"]
[Site "Online"]
[Date "2020.12.18"]
[Round "2.92"]
[White "Van Foreest, Jorden"]
[Black "Barseghyan, Armen Ar."]
[Result "1-0"]
[WhiteElo "2671"]
[BlackElo "2362"]
[PlyCount "49"]
[EventDate "2020.12.18"]
[EventType "tourn"]
[EventCountry "NET"]

1. Nf3 c5 2. g3 Nc6 3. Bg2 g6 4. O-O Bg7 5. c4 Nf6 6. d4 cxd4 7. Nxd4 O-O 8. Nc3 Qa5 9. h3 Qc5 10. Be3 Qxc4 11. Rc1 Nxd4 12. Bxd4 Qa6 13. b4 d6 14. a4 e5 15. Be3 Rd8 16. Nb5 Ne8 17. Bg5 f6 18. Be3 Be6 19. Bd5 Bxd5 20. Qxd5+ Kh8 21. a5 Rac8 22. Rxc8 Rxc8 23. Nxa7 Rd8 24. Bb6 Ra8 25. b5 1-0

[Event "EOBCC 2020"]
[Site "Online"]
[Date "2020.12.18"]
[Round "2.94"]
[White "Sarana, Alexey"]
[Black "Coenen, Michael"]
[Result "1/2-1/2"]
[WhiteElo "2636"]
[BlackElo "2362"]
[PlyCount "111"]
[EventDate "2020.12.18"]
[EventType "tourn"]
[EventCountry "NET"]

1. c4 e6 2. Nc3 Nf6 3. e4 d5 4. cxd5 exd5 5. e5 Ne4 6. d4 c5 7. Nxe4 dxe4 8. d5 a6 9. Ne2 Nd7 10. Bf4 Qe7 11. Qa4 g5 12. Bg3 Bg7 13. d6 Qe6 14. O-O-O Bxe5 15. Bxe5 Qxe5 16. Nc3 O-O 17. Qxe4 Re8 18. Qxe5 Rxe5 19. Bd3 Nf6 20. Rhe1 Rxe1 21. Rxe1 Be6 22. Ne4 Nxe4 23. Bxe4 Rd8 24. Rd1 Rd7 25. b3 Kg7 26. g3 f5 27. Bg2 g4 28. f4 gxf3 29. Bxf3 Kf6 30. Kc2 Ke5 31. a4 b6 32. Be2 Rxd6 33. Re1 a5 34. Kc3 Kf6 35. Bd3 Rd4 36. Rf1 Ke5 37. Re1+ Kf6 38. Rf1 h5 39. Rf2 h4 40. Rf3 hxg3 41. hxg3 Rb4 42. Bc2 Rg4 43. Bd3 Rd4 44. Bc2 Ke5 45. Re3+ Kd6 46. Rf3 Rg4 47. Bd3 Bd5 48. Re3 f4 49. gxf4 Rxf4 50. Rh3 Rf3 51. Rh6+ Be6 52. Kd2 Ke5 53. Rh5+ Kd6 54. Rh6 Ke5 55. Rh5+ Kd6 56. Rh6 1/2-1/2

[Event "EOBCC 2020"]
[Site "Online"]
[Date "2020.12.18"]
[Round "2.95"]
[White "Yilmaz, Mustafa"]
[Black "Lukasiewicz, Krzysztof"]
[Result "1-0"]
[WhiteElo "2630"]
[BlackElo "2359"]
[PlyCount "43"]
[EventDate "2020.12.18"]
[EventType "tourn"]
[EventCountry "NET"]

1. c4 e5 2. Nc3 Nf6 3. Nf3 Nc6 4. e3 d5 5. cxd5 Nxd5 6. Bb5 Nxc3 7. bxc3 Bd6 8. d4 Bd7 9. O-O Qe7 10. c4 b6 11. Qa4 Nb8 12. c5 bxc5 13. dxe5 Bxe5 14. Nxe5 Qxe5 15. Rb1 Bxb5 16. Qxb5+ Nd7 17. Bb2 Qg5 18. Rfd1 Rd8 19. Qc6 Qg6 20. Qxc7 O-O 21. Rbc1 Nb6 22. Rxd8 1-0

[Event "EOBCC 2020"]
[Site "Online"]
[Date "2020.12.18"]
[Round "2.96"]
[White "Petrosyan, Manuel"]
[Black "Lenaerts, Lennert"]
[Result "1-0"]
[WhiteElo "2628"]
[BlackElo "2357"]
[PlyCount "67"]
[EventDate "2020.12.18"]
[EventType "tourn"]
[EventCountry "NET"]

1. d4 d5 2. c4 c6 3. Nc3 dxc4 4. e3 b5 5. a4 b4 6. Nb1 Ba6 7. Nf3 Nd7 8. Nfd2 e5 9. Bxc4 Bxc4 10. Nxc4 exd4 11. Qxd4 Qf6 12. Qxf6 Ngxf6 13. Nbd2 Be7 14. Ke2 O-O 15. Nb3 Rfd8 16. Bd2 Ne4 17. Rhc1 Rac8 18. Be1 Bf6 19. Rc2 Ne5 20. Nxe5 Bxe5 21. Rac1 c5 22. f3 Nd6 23. Nxc5 a5 24. Nb3 Rxc2+ 25. Rxc2 Nb7 26. Bg3 Bxg3 27. hxg3 Kf8 28. Rc7 Nd6 29. Nxa5 Ra8 30. Rc5 Ke7 31. b3 Ke6 32. Nc6 f6 33. Nxb4 Rb8 34. Nc6 1-0

[Event "EOBCC 2020"]
[Site "Online"]
[Date "2020.12.18"]
[Round "2.97"]
[White "Fedorchuk, Sergey A."]
[Black "Czernek, Tymon"]
[Result "0-1"]
[WhiteElo "2616"]
[BlackElo "2359"]
[PlyCount "34"]
[EventDate "2020.12.18"]
[EventType "tourn"]
[EventCountry "NET"]

1. e4 c5 2. Nf3 d6 3. d4 cxd4 4. Nxd4 Nf6 5. Nc3 a6 6. Be2 e5 7. Nb3 Be7 8. Be3 Be6 9. Qd2 Nbd7 10. O-O O-O 11. f4 exf4 12. Bxf4 Ne5 13. Nd4 Ng6 14. Bg3 Rc8 15. Bf3 Ne5 16. Be2 Rxc3 17. Qd3 Rxd3 0-1

[Event "EOBCC 2020"]
[Site "Online"]
[Date "2020.12.18"]
[Round "2.98"]
[White "Janaszak, Dawid"]
[Black "Indjic, Aleksandar"]
[Result "0-1"]
[WhiteElo "2348"]
[BlackElo "2604"]
[PlyCount "98"]
[EventDate "2020.12.18"]
[EventType "tourn"]
[EventCountry "NET"]

1. d4 Nf6 2. Nf3 e6 3. Bf4 c5 4. e3 cxd4 5. exd4 b6 6. h3 Be7 7. Nbd2 O-O 8. c3 Ba6 9. Bxa6 Nxa6 10. Qe2 Nc7 11. O-O d6 12. a4 Qd7 13. Rfe1 a6 14. Nc4 Nfd5 15. Bg3 b5 16. axb5 axb5 17. Ne3 Qc6 18. Nxd5 Nxd5 19. Qd3 h6 20. Nd2 Rfc8 21. Kh2 Bf8 22. Qf3 Ra4 23. Rac1 Ra2 24. c4 bxc4 25. Rxc4 Qb7 26. Rxc8 Qxc8 27. Qb3 Ra6 28. Nc4 Rc6 29. Ne3 Rb6 30. Qa3 Nxe3 31. Rxe3 d5 32. Qa1 Bb4 33. Rf3 Ra6 34. Qf1 Rc6 35. Qb5 Bf8 36. Be5 f6 37. Bg3 Rc1 38. Qe2 Rc2 39. Qb5 Qc6 40. Qxc6 Rxc6 41. Rb3 Rc4 42. Rb8 Kf7 43. Rb7+ Kg6 44. Rb6 Kf5 45. Rb8 Bb4 46. Rb7 g5 47. f3 Bd2 48. Bf2 Rc2 49. Kg3 Bf4# 0-1

[Event "EOBCC 2020"]
[Site "Online"]
[Date "2020.12.18"]
[Round "2.99"]
[White "Godzwon, Iwo"]
[Black "Fridman, Daniel"]
[Result "1-0"]
[WhiteElo "2347"]
[BlackElo "2601"]
[PlyCount "99"]
[EventDate "2020.12.18"]
[EventType "tourn"]
[EventCountry "NET"]

1. e4 e6 2. d4 d5 3. Nd2 c5 4. exd5 exd5 5. Ngf3 Nc6 6. Bb5 Qe7+ 7. Qe2 Qxe2+ 8. Kxe2 a6 9. Bxc6+ bxc6 10. dxc5 Bxc5 11. Nb3 Bd6 12. Be3 a5 13. Bc5 Kd7 14. a4 Nf6 15. Rae1 Ne4 16. Bxd6 Kxd6 17. Nfd2 Re8 18. Nxe4+ Rxe4+ 19. Kd2 Rxa4 20. Re8 Re4 21. Rxe4 dxe4 22. Ke3 f5 23. Rd1+ Kc7 24. Nc5 g5 25. Kd4 Rb8 26. b3 Rb4+ 27. c4 Kd6 28. Ra1 a4 29. Rxa4 Rxa4 30. Nxa4 Be6 31. Nc5 Bf7 32. g4 fxg4 33. Nxe4+ Ke7 34. Nxg5 Bg6 35. Ke5 c5 36. Ne4 h5 37. Nxc5 Bc2 38. b4 h4 39. Kf4 Bd1 40. Nd3 Kd6 41. Ne5 g3 42. fxg3 h3 43. g4 Bc2 44. g5 Ke6 45. g6 Kf6 46. c5 Ba4 47. c6 Bb5 48. c7 Ba6 49. Nd7+ Kxg6 50. Nb6 1-0

[Event "EOBCC 2020"]
[Site "Online"]
[Date "2020.12.18"]
[Round "2.100"]
[White "Klenburg, Michael"]
[Black "Safarli, Eltaj"]
[Result "0-1"]
[WhiteElo "2346"]
[BlackElo "2598"]
[PlyCount "128"]
[EventDate "2020.12.18"]
[EventType "tourn"]
[EventCountry "NET"]

1. g3 Nf6 2. Bg2 d5 3. d3 g6 4. Nf3 Bg7 5. O-O O-O 6. Nbd2 Nc6 7. e4 dxe4 8. dxe4 a5 9. Re1 a4 10. a3 Bg4 11. h3 Bxf3 12. Qxf3 Nd7 13. Qd1 Nc5 14. Nf1 Qxd1 15. Rxd1 Rfd8 16. Be3 Bd4 17. Bxd4 Nxd4 18. Ne3 c6 19. f4 h5 20. Kf2 Kg7 21. Rd2 Nde6 22. Rad1 Rxd2+ 23. Rxd2 h4 24. Nc4 hxg3+ 25. Kxg3 f6 26. h4 Rh8 27. Ne3 Kf7 28. Bf3 Rg8 29. Rd1 Rh8 30. Rd2 Ra8 31. Rd1 Rb8 32. Rd2 b5 33. c3 Nb3 34. Rd1 Na5 35. e5 fxe5 36. fxe5 Nc5 37. Kf4 Ke6 38. Bg4+ Kf7 39. Bf3 Rh8 40. Kg3 Ke6 41. Ng4 Rc8 42. Bg2 Rh8 43. Bh3 Kf7 44. Rf1+ Kg7 45. Bg2 Rd8 46. Rf2 Rd3+ 47. Kh2 Ncb3 48. e6 Nc4 49. Rf7+ Kh8 50. Nh6 Nxb2 51. Rxe7 Re3 52. Re8+ Kg7 53. Ng4 Re2 54. Kg3 Nc4 55. Bxc6 Nd6 56. Re7+ Kf8 57. Rd7 Rxe6 58. Bd5 Re1 59. Rxd6 Rc1 60. Rd7 Rxc3+ 61. Kf4 Nc5 62. Rf7+ Ke8 63. Ne5 Rxa3 64. Rh7 Ra1 0-1

[Event "EOBCC 2020"]
[Site "Online"]
[Date "2020.12.18"]
[Round "2.101"]
[White "Sargsyan, Shant"]
[Black "Lewicki, Miroslaw"]
[Result "1-0"]
[WhiteElo "2596"]
[BlackElo "2348"]
[PlyCount "65"]
[EventDate "2020.12.18"]
[EventType "tourn"]
[EventCountry "NET"]

1. d4 Nf6 2. c4 e6 3. Nf3 d5 4. g3 Be7 5. Bg2 O-O 6. b3 b6 7. O-O Bb7 8. Bb2 Nbd7 9. cxd5 exd5 10. Nc3 Re8 11. Rc1 c5 12. dxc5 bxc5 13. Nh4 Nb6 14. Nf5 Bf8 15. Qc2 Qd7 16. Rfd1 Rad8 17. Na4 Ne4 18. Bxe4 Rxe4 19. Qxe4 dxe4 20. Rxd7 Rxd7 21. Nc3 Rd2 22. Ba3 g6 23. Ne3 Ba6 24. Nxe4 Rxa2 25. Bxc5 Bxc5 26. Rxc5 Bxe2 27. Kg2 Rb2 28. Rc7 Rxb3 29. Rxa7 Nc4 30. Nxc4 Bxc4 31. f3 Kg7 32. g4 Bd5 33. Re7 1-0